Architecture and Polyphony:: Building In The Islamic World Today (Record no. 13467)
[ view plain ]
| 000 -LEADER | |
|---|---|
| fixed length control field | 00234 a2200085 4500 |
| 020 ## - INTERNATIONAL STANDARD BOOK NUMBER | |
| International Standard Book Number | 9780500285336 |
| 100 ## - MAIN ENTRY--PERSONAL NAME | |
| Personal name | Assorted |
| 245 ## - TITLE STATEMENT | |
| Title | Architecture and Polyphony:: Building In The Islamic World Today |
| 260 ## - PUBLICATION, DISTRIBUTION, ETC. | |
| Name of publisher, distributor, etc. | Thames & Hudson Ltd |
| Date of publication, distribution, etc. | 2004 |
| Withdrawn status | Lost status | Source of classification or shelving scheme | Damaged status | Not for loan | Permanent Location | Current Location | Date acquired | Source of acquisition | Cost, normal purchase price | Barcode | Date last seen | Cost, replacement price | Price effective from | Koha item type |
|---|---|---|---|---|---|---|---|---|---|---|---|---|---|---|
| BMS College of Architecture, Design and Planning | BMS College of Architecture, Design and Planning | 2025-08-30 | 10 | 1344.30 | AR-UG4292 | 2025-08-30 | 1920.43 | 2025-08-30 | UG Books |